[Event "HUN-chT2 Breyer 1617"]
[Site "Hungary"]
[Date "2017.03.12"]
[Round "8.4"]
[White "Toth, Gyula1111"]
[Black "Koncz, Imre"]
[Result "1/2-1/2"]
[WhiteElo "2005"]
[BlackElo "2097"]
[PlyCount "24"]
[EventDate "2016.10.30"]
[EventType "team-tourn"]
[EventRounds "9"]
[EventCountry "HUN"]
[SourceTitle "EXT 2021"]
[Source "ChessBase"]
[SourceDate "2020.10.23"]
[SourceVersion "1"]
[SourceVersionDate "2020.10.23"]
[SourceQuality "1"]
[WhiteTeam "Nyergesujfalu"]
[BlackTeam "Torokbalint"]
[WhiteTeamCountry "HUN"]
[BlackTeamCountry "HUN"]

1. e4 c5 2. Nf3 Nc6 3. d4 cxd4 4. Nxd4 Nf6 5. Nc3 e5 6. Ndb5 d6 7. Bg5 a6 8. Na3 b5 9. Nd5 Be7 10. Bxf6 Bxf6 11. c3 Bg5 12. Nc2 Ne7 1/2-1/2

[Event "HUN-chT2 Breyer 1617"]
[Site "Hungary"]
[Date "2017.01.29"]
[Round "5.5"]
[White "Koncz, Imre"]
[Black "Toth Katona, Tamas"]
[Result "1/2-1/2"]
[WhiteElo "2102"]
[BlackElo "2019"]
[PlyCount "47"]
[EventDate "2016.10.30"]
[EventType "team-tourn"]
[EventRounds "9"]
[EventCountry "HUN"]
[SourceTitle "EXT 2021"]
[Source "ChessBase"]
[SourceDate "2020.10.23"]
[SourceVersion "1"]
[SourceVersionDate "2020.10.23"]
[SourceQuality "1"]
[WhiteTeam "Torokbalint"]
[BlackTeam "Budapest MTK II"]
[WhiteTeamCountry "HUN"]
[BlackTeamCountry "HUN"]

1. d4 d5 2. c4 c6 3. Nf3 Nf6 4. Nc3 e6 5. e3 Nbd7 6. Bd3 Bd6 7. e4 dxe4 8. Nxe4 Nxe4 9. Bxe4 Nf6 10. Bc2 h6 11. 0-0 0-0 12. b3 b5 13. Bb2 bxc4 14. bxc4 Ba6 15. Qd3 Re8 16. Rfe1 Rb8 17. Bc3 Bb4 18. Ne5 Qd6 19. Ba4 Rec8 20. Rac1 c5 21. dxc5 Qxd3 22. Nxd3 Ba3 23. Bxf6 gxf6 24. Rc3 1/2-1/2

[Event "HUN-chT2 Breyer 1516"]
[Site "Hungary"]
[Date "2015.11.29"]
[Round "5.6"]
[White "Koncz, Imre"]
[Black "Demeter, Tamas"]
[Result "0-1"]
[WhiteElo "2136"]
[BlackElo "2060"]
[PlyCount "46"]
[EventDate "2015.09.13"]
[EventType "team-tourn"]
[EventRounds "11"]
[EventCountry "HUN"]
[SourceTitle "CBM 170 Extra"]
[Source "ChessBase"]
[SourceDate "2016.02.25"]
[SourceVersion "1"]
[SourceVersionDate "2016.02.25"]
[SourceQuality "1"]
[WhiteTeam "Szazhalombatta"]
[BlackTeam "Gyor UDSE"]
[WhiteTeamCountry "HUN"]
[BlackTeamCountry "HUN"]

1. d4 d5 2. c4 c6 3. Nf3 Nf6 4. Nc3 dxc4 5. a4 Bf5 6. e3 e6 7. Bxc4 Be7 8. 0-0 0-0 9. Qe2 h6 10. e4 Bh7 11. Rd1 Qc7 12. g3 Nbd7 13. Bf4 Qa5 14. d5 exd5 15. exd5 Rfe8 16. Qd2 Nb6 17. Bb3 cxd5 18. Nxd5 Qxd2 19. Rxd2 Nfxd5 20. Bxd5 Nxd5 21. Rxd5 Be4 22. Re5 Bxf3 23. Re3 Bc6 0-1

[Event "HUN-chT2 Breyer 1516"]
[Site "Hungary"]
[Date "2015.11.08"]
[Round "4.4"]
[White "Koncz, Imre"]
[Black "Domany, Zsofia"]
[Result "0-1"]
[WhiteElo "2136"]
[BlackElo "2154"]
[PlyCount "54"]
[EventDate "2015.09.13"]
[EventType "team-tourn"]
[EventRounds "11"]
[EventCountry "HUN"]
[SourceTitle "CBM 170 Extra"]
[Source "ChessBase"]
[SourceDate "2016.02.25"]
[SourceVersion "1"]
[SourceVersionDate "2016.02.25"]
[SourceQuality "1"]
[WhiteTeam "Szazhalombatta"]
[BlackTeam "Kisber Aszar"]
[WhiteTeamCountry "HUN"]
[BlackTeamCountry "HUN"]

1. d4 d5 2. c4 e6 3. Nc3 Nf6 4. Bg5 c6 5. e3 Nbd7 6. Nf3 Be7 7. Qc2 0-0 8. Rd1 Re8 9. a3 b6 10. cxd5 exd5 11. Bd3 h6 12. Bh4 Nh5 13. Bxe7 Qxe7 14. 0-0 Bb7 15. e4 dxe4 16. Bxe4 Ndf6 17. Bf5 c5 18. d5 Rad8 19. Rfe1 Qf8 20. Qb3 Rxe1+ 21. Nxe1 Qe7 22. Nc2 g6 23. d6 Qf8 24. Bh3 Rxd6 25. Re1 Nf4 26. Ne3 Nxh3+ 27. gxh3 Qc8 0-1

[Event "HUN-chT2 Breyer 1415"]
[Site "Hungary"]
[Date "2015.04.26"]
[Round "?"]
[White "Koncz, Imre"]
[Black "Igler, Szilard"]
[Result "1-0"]
[WhiteElo "2148"]
[BlackElo "1940"]
[PlyCount "47"]
[EventDate "2014.09.07"]
[EventType "team-tourn"]
[EventRounds "11"]
[EventCountry "HUN"]
[SourceTitle "EXT 2016"]
[Source "ChessBase"]
[SourceDate "2015.10.08"]
[SourceVersion "1"]
[SourceVersionDate "2015.10.08"]
[SourceQuality "1"]
[WhiteTeam "Szazhalombatta"]
[BlackTeam "Turul"]
[WhiteTeamCountry "HUN"]
[BlackTeamCountry "HUN"]

1. d4 Nf6 2. c4 e6 3. Nc3 d5 4. Bg5 Be7 5. e3 h6 6. Bh4 b6 7. cxd5 Nxd5 8. Bxe7 Nxe7 9. Nf3 0-0 10. Bd3 Bb7 11. 0-0 Nd7 12. b4 Nd5 13. Nxd5 exd5 14. Rc1 c5 15. bxc5 bxc5 16. dxc5 Rc8 17. Qb3 Qc7 18. Nd4 Ne5 19. Be2 Rb8 20. Qa4 Rfc8 21. Nb5 Qd7 22. Qf4 Nc4 23. Nxa7 Rxc5 24. Qxb8+ 1-0

[Event "HUN-chT2 Breyer 1314"]
[Site "Hungary"]
[Date "2013.11.03"]
[Round "4"]
[White "Huszar, Gabor"]
[Black "Koncz, Imre"]
[Result "0-1"]
[WhiteElo "1927"]
[BlackElo "2147"]
[PlyCount "52"]
[EventDate "2013.09.08"]
[EventType "team-tourn"]
[EventRounds "9"]
[EventCountry "HUN"]
[SourceTitle "EXT 2016"]
[Source "ChessBase"]
[SourceDate "2015.10.08"]
[SourceVersion "1"]
[SourceVersionDate "2015.10.08"]
[SourceQuality "1"]
[WhiteTeam "Pet"]
[BlackTeam "Szazhalombatta"]
[WhiteTeamCountry "HUN"]
[BlackTeamCountry "HUN"]

1. d4 Nf6 2. Nf3 c5 3. d5 e6 4. dxe6 fxe6 5. e3 d5 6. c4 Nc6 7. cxd5 exd5 8. Bb5 Bd6 9. Nc3 Bc7 10. 0-0 0-0 11. h3 Qd6 12. Bxc6 Qxc6 13. b3 a6 14. Bb2 Bf5 15. Ne2 Ne4 16. Nf4 Rad8 17. Be5 Bxe5 18. Nxe5 Qd6 19. Ng4 d4 20. Qd3 b5 21. Qe2 d3 22. Qb2 c4 23. bxc4 bxc4 24. Qd4 Qxd4 25. exd4 Bxg4 26. hxg4 Rxf4 0-1

[Event "HUN-chT2 Breyer 1314"]
[Site "Hungary"]
[Date "2013.09.22"]
[Round "2.2"]
[White "Meixner, Ferenc"]
[Black "Koncz, Imre"]
[Result "1/2-1/2"]
[WhiteElo "2094"]
[BlackElo "2147"]
[PlyCount "50"]
[EventDate "2013.09.08"]
[EventType "team-tourn"]
[EventRounds "9"]
[EventCountry "HUN"]
[SourceTitle "EXT 2016"]
[Source "ChessBase"]
[SourceDate "2015.10.08"]
[SourceVersion "1"]
[SourceVersionDate "2015.10.08"]
[SourceQuality "1"]
[WhiteTeam "Tatabanya Turul"]
[BlackTeam "Szazhalombatta"]
[WhiteTeamCountry "HUN"]
[BlackTeamCountry "HUN"]

1. Nf3 Nf6 2. d4 g6 3. Nc3 d5 4. Bf4 Bg7 5. e3 0-0 6. Nb5 Na6 7. c4 c6 8. Nc3 c5 9. Qb3 cxd4 10. exd4 dxc4 11. Bxc4 Nc7 12. 0-0 b6 13. Rac1 e6 14. Bxc7 Qxc7 15. d5 exd5 16. Nxd5 Qd8 17. Rfe1 Nxd5 18. Bxd5 Rb8 19. Ne5 Bxe5 20. Rxe5 Bb7 21. Rd1 Qc7 22. Re3 Rbd8 23. Rc3 Qd7 24. Rcd3 Bxd5 25. Rxd5 Qe7 1/2-1/2

[Event "Budapest op 3rd"]
[Site "Budapest"]
[Date "2013.08.21"]
[Round "5"]
[White "Szalanczy, Emil"]
[Black "Koncz, Imre"]
[Result "1-0"]
[WhiteElo "2285"]
[BlackElo "2181"]
[PlyCount "91"]
[EventDate "2013.08.17"]
[EventType "swiss"]
[EventRounds "9"]
[EventCountry "HUN"]
[SourceTitle "CBM 156 Extra"]
[Source "ChessBase"]
[SourceDate "2013.10.22"]
[SourceVersion "1"]
[SourceVersionDate "2013.10.22"]
[SourceQuality "1"]

1. e4 c5 2. Nf3 Nc6 3. d4 cxd4 4. Nxd4 Nf6 5. Nc3 e5 6. Ndb5 d6 7. Bg5 a6 8. Na3 b5 9. Nd5 Be7 10. Bxf6 Bxf6 11. c4 b4 12. Nc2 0-0 13. Qf3 Bg5 14. h4 Bh6 15. g4 f6 16. Be2 a5 17. Kf1 Ra7 18. Rd1 Rd7 19. Kg2 Ne7 20. Nxe7+ Qxe7 21. Rd5 Ra7 22. Rhd1 f5 23. g5 Bb7 24. exf5 Bxg5 25. hxg5 Qxg5+ 26. Qg4 Qxf5 27. Qxf5 Rxf5 28. Ne3 Bxd5+ 29. Rxd5 Rf6 30. f3 e4 31. fxe4 g6 32. c5 dxc5 33. e5 Rc6 34. Bc4 Kg7 35. Rd8 Re7 36. Ng4 h5 37. Rg8+ Kh7 38. Nf6+ Kh6 39. Bd3 Rg7 40. Re8 Kg5 41. b3 a4 42. Kf3 axb3 43. axb3 Ra7 44. Rg8 Re6 45. Rxg6+ Kh4 46. Kf4 1-0

[Event "HUN-chT2 Breyer 1213"]
[Site "Hungary"]
[Date "2012.11.04"]
[Round "3.3"]
[White "Toth, Tamas"]
[Black "Koncz, Imre"]
[Result "1/2-1/2"]
[WhiteElo "1946"]
[BlackElo "2210"]
[PlyCount "20"]
[EventDate "2012.09.16"]
[EventType "team-tourn"]
[EventRounds "11"]
[EventCountry "HUN"]
[SourceTitle "EXT 2014"]
[Source "ChessBase"]
[SourceDate "2013.11.20"]
[SourceVersion "1"]
[SourceVersionDate "2013.11.20"]
[SourceQuality "1"]
[WhiteTeam "Turul"]
[BlackTeam "Szazhalombatta"]
[WhiteTeamCountry "HUN"]
[BlackTeamCountry "HUN"]

1. g4 d5 2. Bg2 c6 3. h3 e5 4. d4 e4 5. c4 Bd6 6. Nc3 Ne7 7. cxd5 cxd5 8. Qb3 Nbc6 9. Bg5 0-0 10. Rd1 Qa5 1/2-1/2